000 00386nam a2200157Ia 4500
003 GCL
008 140319s9999 xx 000 0 eng d
040 _aGCL /
_cGCL
082 0 4 _aCH
_b372.72
_bA B
100 1 _aABDEL RASHEED, ATEF
245 1 0 _a1-2 BLOCK NOTE /
_cABDEL RASHEED, ATEF
650 0 4 _aCHILDREN
650 0 4 _aEDUCATION
650 0 4 _aCHILDREN - LEARNING
942 _2ddc
_cBK
999 _c15544
_d15544